[Event "Florida Valle op"]
[Site "Florida Valle"]
[Date "1993.??.??"]
[Round "7"]
[White "Paglilla, Carlos"]
[Black "Bulcourf, Carlos"]
[Result "1-0"]
[WhiteElo "2325"]
[BlackElo "2295"]

1.c4 c6 2.d4 b5 3.e4 bxc4 4.Bxc4 d5 5.Bb3 e6 6.Nc3 Nf6 7.Nge2 Be7 8.O-O O-O
9.Ng3 dxe4 10.Ncxe4 Nbd7 11.Bc2 g6 12.Bh6 Re8 13.Ba4 Ba6 14.Re1 Bc4 15.Bxc6 Nxe4
16.Nxe4 Rc8 17.d5 exd5 18.Qd4 f6 19.Bxd5+ Bxd5 20.Qxd5+ Kh8 21.Qf7 Bf8 22.Bxf8 Rxf8
23.Qd5 Nb6 24.Qxd8 Rcxd8 25.Rad1 Rxd1 26.Rxd1 Kg7 27.f3 Rc8 28.b3 f5 29.Nd6 Rc2
30.a4 Kf6 31.a5 Nd7 32.Nxf5 Nc5 33.Ne3 Rb2 34.b4 Ne6 35.a6 Rb3 36.Ng4+ Ke7
37.Ne5 Nf4 38.g3 Nh3+ 39.Kg2 Ng5 40.Rd2 Kf6 41.Nc6 h5 42.Nxa7 Rxb4 43.Ra2 Ne6
44.Nc8 Nc7 45.a7 Na8 46.Ra6+ Kg7 47.Ne7 g5 48.Nf5+ Kf7 49.h4 gxh4 50.Nxh4 Rd4
51.Rh6 Ra4 52.Rh8 Nb6 53.Rb8 Rxa7 54.Rxb6 Ra5 55.Kh3 Kg7 56.f4 Kh7 57.Nf3  1-0

[Event "Forli op"]
[Site "Forli"]
[Date "1993.??.??"]
[Round "1"]
[White "Trevisani, Bruno"]
[Black "Mailfert, Jean Pierre"]
[Result "1-0"]
[WhiteElo "2320"]
[BlackElo "2115"]

1.c4 c6 2.Nf3 d5 3.g3 Nf6 4.Bg2 dxc4 5.O-O b5 6.a4 Bb7 7.b3 cxb3 8.Qxb3 Qb6
9.Nc3 a6 10.Ba3 Nbd7 11.Ng5 e6 12.Bxf8 Rxf8 13.Rfc1 Nc5 14.Qb2 h6 15.d4 hxg5
16.dxc5 Qc7 17.axb5 axb5 18.Nxb5 cxb5 19.Rxa8+ Bxa8 20.Bxa8 Ke7 21.Bg2 Rg8
22.Qb4 Ne8 23.Rd1 Qe5 24.e3 Nc7 25.c6+ Ke8 26.Rd7 Qa1+ 27.Bf1 Nd5 28.Qd6  1-0

[Event "Forli op"]
[Site "Forli"]
[Date "1993.??.??"]
[Round "5"]
[White "Trevisani, Bruno"]
[Black "Tocchioni, Doriano"]
[Result "1/2-1/2"]
[WhiteElo "2320"]
[BlackElo "2235"]

1.c4 c6 2.Nf3 d5 3.g3 Bg4 4.Bg2 e6 5.cxd5 exd5 6.O-O Nd7 7.Nc3 Ngf6 8.d3 Bd6
9.h3 Bh5 10.e4 O-O 11.Qc2  1/2-1/2

[Event "Forli op"]
[Site "Forli"]
[Date "1993.??.??"]
[Round "7"]
[White "Trevisani, Bruno"]
[Black "Turci, Stefano"]
[Result "1-0"]
[WhiteElo "2320"]
[BlackElo "2230"]

1.c4 c6 2.e4 d5 3.exd5 cxd5 4.cxd5 Nf6 5.Bb5+ Bd7 6.Bc4 Qc7 7.d3 b5 8.Bb3 a5
9.a3 Na6 10.Nf3 g6 11.O-O Bg7 12.Re1 O-O 13.Ne5 Nc5 14.Ba2 Rac8 15.d4 Na4
16.Nd2 Nb6 17.Qf3 a4 18.Nf1 Qb7 19.Bg5 Rc2 20.Rab1 Nc8 21.Ne3 Rc7 22.Rbc1 Rxc1
23.Rxc1 Nb6 24.Nc6 Bf5 25.Qe2 h6 26.Bf4 Bc8 27.Be5 Kh7 28.g3 h5 29.Re1 Bh3
30.Ng2 Bf5 31.f3 Re8 32.Bf4 Nc8 33.Ne3 Bd7 34.Qc2 Kh8 35.Kg2 Bf8 36.h4 Bg7
37.Qc5 Bf8 38.Qc3 Bg7 39.Be5 Kh7 40.Bf4 Kh8 41.Rc1 Kh7 42.Qd3 Kh8 43.Rc5 Na7
44.Ne5  1-0

[Event "FRA"]
[Site "FRA"]
[Date "1993.??.??"]
[Round "?"]
[White "Conquest, Stuart"]
[Black "Beikert, Guenther"]
[Result "1-0"]
[WhiteElo "2495"]
[BlackElo "2405"]

1.c4 c6 2.e4 d5 3.exd5 cxd5 4.cxd5 Nf6 5.Nc3 g6 6.Bc4 Bg7 7.Nf3 O-O 8.O-O Nbd7
9.d3 Nb6 10.Qb3 Bg4 11.Ne5 Bf5 12.Re1 Ne8 13.Bf4 Nd6 14.Nb5 Nbc8 15.Nd4 Qb6
16.Qc3 Rd8 17.Rac1 a5 18.a3 a4 19.h3 Qa5 20.Nxf5 Nxf5 21.Qxa5 Rxa5 22.Nxf7 Rf8
23.d6 Nb6 24.dxe7 Nxe7 25.Nh6+ Kh8 26.Rxe7 Rxf4 27.Nf7+ Kg8 28.Ba2 Bxb2 29.Rcc7 Bxa3
30.Ng5+ Nd5 31.Rg7+ Kh8 32.Rxh7+ Kg8 33.Rcg7+ Kf8 34.Ne6+ Ke8 35.Bxd5 Rxd5
36.Nxf4 Re5 37.Rg8+ Bf8 38.Nxg6  1-0

[Event "FRA"]
[Site "FRA"]
[Date "1993.??.??"]
[Round "?"]
[White "Spraggett, Kevin"]
[Black "Murrey, Jacob"]
[Result "0-1"]
[WhiteElo "2565"]
[BlackElo "2530"]

1.c4 c6 2.d4 Nf6 3.Nc3 d5 4.e3 g6 5.Nf3 Bg7 6.Be2 O-O 7.O-O a6 8.b3 b5 9.Bb2 Nbd7
10.Rc1 Bb7 11.Rc2 Rc8 12.Qa1 dxc4 13.bxc4 b4 14.Nb1 c5 15.Rd1 cxd4 16.exd4 Be4
17.Rcc1 Nb6 18.Nbd2 Na4 19.a3 b3 20.Nxe4 Nxe4 21.Bd3 Nec5 22.Bf1 Rb8 23.Rb1 Nxb2
24.Qxb2 Na4 25.Qd2 e5 26.Nxe5 Bxe5 27.dxe5 Qxd2 28.Rxd2 b2 29.Rc2 Rfc8 30.g3 Rb3
31.Kg2 Rcb8 32.c5 Rc3  0-1

[Event "Peer Gynt"]
[Site "Gausdal"]
[Date "1993.??.??"]
[Round "4"]
[White "Karlsson, Lars"]
[Black "Thorsson, Olafur"]
[Result "1-0"]
[WhiteElo "2505"]
[BlackElo "2200"]

1.c4 c6 2.d4 d5 3.Nc3 Nf6 4.e3 e6 5.Bd3 Nbd7 6.f4 Be7 7.Nf3 dxc4 8.Bxc4 b5
9.Bd3 Bb7 10.O-O O-O 11.e4 b4 12.Ne2 c5 13.e5 Nd5 14.f5 exf5 15.Bxf5 cxd4
16.Nexd4 Nc5 17.Kh1 g6 18.Bc2 Re8 19.Bh6 Bf8 20.Bxf8 Rxf8 21.Qd2 Kg7 22.Nb5 f6
23.Nd6 Qe7 24.Rae1 Rad8 25.Qd4 fxe5 26.Rxe5 Qf6 27.Nxb7 Nxb7 28.Rfe1  1-0

[Event "Troll Masters"]
[Site "Gausdal"]
[Date "1993.??.??"]
[Round "9"]
[White "Blees, Albert"]
[Black "Kristensen, Bjarke"]
[Result "1/2-1/2"]
[WhiteElo "2405"]
[BlackElo "2445"]

1.c4 c6 2.e4 d5 3.exd5 cxd5 4.cxd5 Nf6 5.Nc3 Nxd5 6.Nf3 e6 7.d4 Be7 8.Bd3 Nc6
9.O-O O-O 10.Re1 Bf6 11.Be4 Nce7 12.Qd3 g6 13.h4 Nxc3 14.bxc3 Bg7 15.Rb1 Qc7
16.Ne5 f6 17.Qc4 Qd6 18.Nd3 Nd5 19.Qb3 Rd8 20.Bf3 Qb6 21.Nb4 Nxb4 22.Qxb4 Qxb4
23.Rxb4 Bf8 24.Rb3 Rb8 25.Bf4 Bd6 26.Bxd6 Rxd6 27.d5 Kf8 28.c4 exd5 29.Bxd5 b6
30.Rbe3 Bf5 31.f3 h5 32.Kf2 Rbd8 33.a3 b5 34.Re7 R6d7 35.Rxd7 Rxd7 36.Re2 bxc4
37.Bxc4 Rd4 38.Bb5 Kf7 39.g3 Bd7 40.Rb2 Bxb5 41.Rxb5 Ra4 42.Rb3 Ke6 43.Rd3  1/2-1/2

[Event "Oberliga SuedW 9394"]
[Site "GER"]
[Date "1993.??.??"]
[Round "?"]
[White "Sandmeier, Toni"]
[Black "Becher, Helmut"]
[Result "1-0"]
[WhiteElo "2240"]
[BlackElo "2305"]

1.c4 c6 2.Nf3 d5 3.b3 Nf6 4.g3 Bg4 5.Bg2 e6 6.O-O Nbd7 7.Bb2 Bd6 8.d3 O-O
9.Nbd2 Re8 10.Qc2 e5 11.e4 dxe4 12.Nxe4 Nxe4 13.dxe4 Bc5 14.Rad1 Qc7 15.Rd3 h6
16.Qd2 Rad8 17.h3 Be6 18.Nh4 Nf8 19.Rd1 Rxd3 20.Qxd3 g6 21.Bc3 Be7 22.Qe3 b6
23.Rd3 Rd8 24.Qd2 Rxd3 25.Qxd3 Qd7 26.Qxd7 Nxd7 27.f4 Bc5+ 28.Kf1 Bd4 29.Bd2 Kg7
30.f5 Bxc4+ 31.bxc4 Nc5 32.fxg6 fxg6 33.Ke2 Na4  1-0

[Event "BL2-O9293"]
[Site "Germany"]
[Date "1993.??.??"]
[Round "?"]
[White "Hiebel, Johannes"]
[Black "Malich, Burkhard"]
[Result "1/2-1/2"]
[WhiteElo "2315"]
[BlackElo "2415"]

1.c4 c6 2.Nc3 d5 3.cxd5 cxd5 4.d4 Nf6 5.Nf3 Nc6 6.Bf4 a6 7.e3 Bg4 8.Be2 Rc8
9.O-O Bxf3 10.Bxf3 e6 11.e4 dxe4 12.Nxe4 Nd5 13.Be5 Nxe5 14.dxe5 Be7 15.Qb3 Qc7
16.Nd6+ Bxd6 17.exd6 Qxd6 18.Rad1 O-O 19.Bxd5 exd5 20.Rxd5 Qf6 21.Rd2 Rc7
22.Rfd1  1/2-1/2

[Event "BL2-S9293"]
[Site "Germany"]
[Date "1993.??.??"]
[Round "?"]
[White "Kratochwil, Christian"]
[Black "Roeder, Gerd"]
[Result "1/2-1/2"]
[WhiteElo "2315"]
[BlackElo "2260"]

1.c4 c6 2.e4 d5 3.exd5 cxd5 4.d4 Nf6 5.Nc3 e6 6.Nf3 Be7 7.cxd5 exd5 8.Bb5+ Bd7
9.Bxd7+ Nbxd7 10.O-O O-O 11.Bf4  1/2-1/2

[Event "Bundesliga 9293"]
[Site "Germany"]
[Date "1993.??.??"]
[Round "?"]
[White "Bischoff, Klaus"]
[Black "Backwinkel, Paul"]
[Result "1/2-1/2"]
[WhiteElo "2510"]
[BlackElo "2405"]

1.c4 c6 2.Nc3 d5 3.d4 Nf6 4.e3 a6 5.Nf3 b5 6.cxd5 cxd5 7.Ne5 e6 8.Bd3 Bb7
9.O-O Be7 10.Bd2 Nbd7 11.Nxd7 Qxd7 12.f3 O-O 13.a3 Bc6 14.Qe2 Rfb8 15.Rfc1 a5
16.Nd1 b4 17.axb4 axb4 18.Nf2 Rxa1 19.Rxa1 b3 20.Qd1 h6 21.Bf1 Bd6 22.Nd3 Qc7
23.g3 Nd7 24.Ba5 Qb7 25.Bc3 Qc8 26.Rc1 Qf8  1/2-1/2

[Event "BL2-W9293"]
[Site "Germany"]
[Date "1993.??.??"]
[Round "?"]
[White "Eising, Johannes"]
[Black "Grosse Kloenne, Elmar"]
[Result "1-0"]
[WhiteElo "2330"]
[BlackElo "2290"]

1.c4 c6 2.e4 e5 3.d4 Bb4+ 4.Bd2 Bxd2+ 5.Qxd2 d6 6.Nc3 Qf6 7.O-O-O Qh6 8.g3 Qxd2+
9.Rxd2 Nf6 10.f4 Nbd7 11.Nf3 Ke7 12.c5 exd4 13.cxd6+ Kxd6 14.Nxd4 Ke7 15.Nf5+ Kf8
16.Nd6 Nb6 17.e5 Ne8 18.Nxc8 Rxc8 19.Bh3 Rc7 20.Rhd1 Ke7 21.Rd8 g6 22.Rb8 f5
23.exf6+ Kxf6 24.Ne4+ Ke7 25.Nd6 Nd5 26.Nxe8  1-0

[Event "NRW-Liga I 9293"]
[Site "Germany"]
[Date "1993.??.??"]
[Round "?"]
[White "Bachmann, Karlheinz"]
[Black "Laven, Ralf"]
[Result "0-1"]
[WhiteElo "2325"]
[BlackElo "2315"]

1.c4 c6 2.e4 d5 3.exd5 cxd5 4.d4 Nf6 5.Nc3 e6 6.Nf3 Nc6 7.c5 Be7 8.Bb5 O-O
9.Bxc6 bxc6 10.O-O Ne4 11.Ne5 Nxc3 12.bxc3 Qc7 13.Qa4 Bxc5 14.Nxf7 Rxf7 15.dxc5 e5
16.Bg5 h6 17.Be3 Bf5 18.Rad1 Raf8 19.Rd2 Qc8 20.f3 Qe6 21.Qa6 Qg6 22.Qe2 Bg4
23.Qa6 Bxf3 24.Re1 Be4 25.g3 Qh5 26.Qe2 Qh3 27.Rb2 Rf3 28.Qg2 Rxe3  0-1

[Event "NRW-Liga I 9293"]
[Site "Germany"]
[Date "1993.??.??"]
[Round "?"]
[White "Nedela, Vlastimil"]
[Black "Mukhametov, Eldar"]
[Result "0-1"]
[WhiteElo "2395"]
[BlackElo "2395"]

1.c4 c6 2.Nc3 d5 3.cxd5 cxd5 4.d4 Nf6 5.Bf4 Nc6 6.Nf3 e6 7.e3 Nh5 8.Bg5 Qb6
9.Qd2 h6 10.Bh4 g5 11.Bg3 Nxg3 12.hxg3 Bg7 13.Rc1 Qa5 14.Bd3 Bd7 15.O-O Rc8
16.a3 O-O 17.g4 e5 18.b4 Qd8 19.dxe5 Bxg4 20.Nh2 Be6 21.f4 d4 22.exd4 Qxd4+
23.Kh1 Bc4 24.Rf3 Bxd3 25.Rxd3 Qxf4 26.Nd5 Qxd2 27.Rxd2 Kh7 28.Rdc2 Rcd8
29.Nf6+ Kg6 30.b5 Nxe5 31.Ne4 Rd4 32.Nc5 b6 33.Nb7 Rd5 34.a4 Rb8 35.Rc7 Rd4
36.Nf3 Rxa4 37.Nd6 Rd8 38.Nc8 Nxf3 39.gxf3 Rh4+ 40.Kg1 Rd2 41.Ne7+ Kh5 42.Nf5 Bd4+
43.Nxd4 Rhxd4 44.Rxf7 Rd1+ 45.Rxd1 Rxd1+ 46.Kg2 Rd5 47.Rxa7 Rxb5 48.Rb7 Kh4  0-1

[Event "Bundesliga 9293"]
[Site "Germany"]
[Date "1993.??.??"]
[Round "?"]
[White "Lobron, Eric"]
[Black "Borik, Otto"]
[Result "1/2-1/2"]
[WhiteElo "2625"]
[BlackElo "2390"]

1.c4 c6 2.e4 e5 3.Nf3 d6 4.d4 Nd7 5.Nc3 Ngf6 6.Be2 g6 7.O-O Bg7 8.d5 Nc5
9.Bg5 cxd5 10.cxd5 O-O 11.Nd2 h6 12.Be3 Ne8 13.b4 Nd7 14.Nb5 f5 15.f3 b6
16.Nc4 Ndf6 17.Qc2 f4 18.Bf2 g5 19.g4 fxg3 20.hxg3 Bh3 21.Rfc1 Qd7 22.Ne3 g4
23.fxg4 Bxg4 24.Nf5 Bxe2 25.Qxe2 Nxe4 26.Qxe4 Rxf5 27.Rc6 a6 28.Nc3 b5 29.Rc1 Nf6
30.Qe2 Rg5 31.Ne4 Nxe4 32.Qxe4 Rf8 33.R1c3 Rg4 34.Rxd6 Qxd6  1/2-1/2

[Event "Bundesliga 9293"]
[Site "Germany"]
[Date "1993.??.??"]
[Round "?"]
[White "Poldauf, Dirk"]
[Black "Backwinkel, Paul"]
[Result "0-1"]
[WhiteElo "2400"]
[BlackElo "2405"]

1.c4 c6 2.Nf3 d5 3.Qc2 Nf6 4.g3 Bg4 5.Bg2 Nbd7 6.d4 e6 7.O-O Be7 8.Nbd2 Bf5
9.Qb3 Qb6 10.c5 Qc7 11.Nh4 Bg4 12.Re1 O-O 13.h3 Bh5 14.g4 Bg6 15.Nxg6 hxg6
16.e4 Nxe4 17.Nxe4 dxe4 18.Bxe4 Nf6 19.Bc2 Rad8 20.Be3 Nd5 21.Rad1 Rd7 22.Bc1 Qd8
23.a3 Bg5 24.Bxg5 Qxg5 25.Re5 Qh4 26.Qg3 Qxg3+ 27.fxg3 Rfd8 28.Kf2 Nc7 29.Re4 Kf8
30.a4 Nd5 31.g5 Ne7 32.Rh4 Rd5 33.Rg4 Nf5 34.Bxf5 gxf5 35.Rh4 Kg8 36.Ke3 e5
37.b4 g6 38.Rd2 Re8 39.Rd3 exd4+  0-1

[Event "Bundesliga 9293"]
[Site "Germany"]
[Date "1993.??.??"]
[Round "?"]
[White "Poldauf, Dirk"]
[Black "Schlemmermeyer, Wilhelm"]
[Result "1-0"]
[WhiteElo "2345"]
[BlackElo "2335"]

1.c4 c6 2.Nf3 Nf6 3.g3 d6 4.Bg2 e5 5.O-O Nbd7 6.Nc3 Be7 7.e4 O-O 8.d4 a6
9.Re1 b5 10.cxb5 axb5 11.b4 Bb7 12.h3 Re8 13.Be3 exd4 14.Nxd4 Bf8 15.Qc2 Rc8
16.Rad1 Qc7 17.Nf5 Qb8 18.Qb1 Ba8 19.g4 Ne5 20.f4 Nc4 21.Bf2 g6 22.Ne3 d5
23.e5 Nd7 24.Nxc4 bxc4 25.a3 Bg7 26.b5 cxb5 27.Qxb5 Qxb5 28.Nxb5 g5 29.Bxd5 Rc7
30.Nxc7  1-0

[Event "Bundesliga 9293"]
[Site "Germany"]
[Date "1993.??.??"]
[Round "?"]
[White "Reschke, Stefan"]
[Black "Hermann, Manfred"]
[Result "1-0"]
[WhiteElo "2300"]
[BlackElo "2415"]

1.c4 c6 2.Nf3 d5 3.b3 Nf6 4.g3 Bf5 5.Bg2 e6 6.O-O Be7 7.Bb2 h6 8.d3 O-O 9.Nbd2 Nbd7
10.Bc3 Qb8 11.e4 dxe4 12.dxe4 Bh7 13.b4 a5 14.a3 Qc7 15.Re1 e5 16.Qc2 axb4
17.axb4 Rxa1 18.Rxa1 b5 19.c5 Nd5 20.Bh3 Nxc3 21.Qxc3 f5 22.Qb3+ Kh8 23.Qe6 Bd8
24.Bxf5 Bxf5 25.exf5 Rf6 26.Qe8+ Rf8 27.Qg6 Nf6 28.Re1 Nd5 29.Nxe5 Bf6 30.Ndf3 Nxb4
31.Qg4 Bxe5 32.Nxe5 Nc2 33.Ng6+ Kg8 34.Rc1 Re8 35.Rxc2 Re1+ 36.Kg2 Qf7 37.Rd2  1-0

[Event "Bundesliga 9293"]
[Site "Germany"]
[Date "1993.??.??"]
[Round "?"]
[White "Smejkal, Jan"]
[Black "Gabriel, Christian"]
[Result "1-0"]
[WhiteElo "2500"]
[BlackElo "2500"]

1.c4 c6 2.e4 d5 3.exd5 cxd5 4.d4 Nf6 5.Nc3 e6 6.Nf3 Bb4 7.cxd5 exd5 8.Bd3 O-O
9.O-O h6 10.Ne5 Nc6 11.Nxc6 bxc6 12.Bf4 Bg4 13.Qc2 Qb6 14.a3 Be7 15.Rfe1 Be6
16.Rad1 Qb7 17.Qc1 c5 18.Bxh6 cxd4 19.Bxg7  1-0

[Event "Bundesliga 9293"]
[Site "Germany"]
[Date "1993.??.??"]
[Round "?"]
[White "Uhlmann, Wolfgang"]
[Black "Ribli, Zoltan"]
[Result "1/2-1/2"]
[WhiteElo "2500"]
[BlackElo "2620"]

1.c4 c6 2.d4 d5 3.Nf3 Nf6 4.Nc3 dxc4 5.a4 Bf5 6.e3 e6 7.Bxc4 Bb4 8.O-O O-O
9.Qb3 Qe7 10.Bd2 a5 11.Rfe1 Nbd7 12.e4 Bg6 13.e5 Nd5 14.Bg5 Qe8 15.Nd2 h6
16.Bh4 N7b6 17.Bf1 Ne7 18.Bxe7 Qxe7 19.Nc4 Nxc4 20.Qxc4 Rfd8 21.Red1 Rd7
22.Bd3 Bh5 23.Be2 Bxe2 24.Nxe2 Rad8 25.Rd3 Qh4 26.Rad1 c5 27.b3 Qe4 28.Ng3 Qd5
29.Qxd5 Rxd5 30.Ne2 Kf8 31.Kf1 R8d7 32.f4 f5 33.h4 g6 34.g3 Ke8 35.Kg2 h5
36.Rc1 cxd4 37.Rc8+ Kf7 38.Rc4 Bc5 39.Ng1 b5 40.axb5 Rb7 41.Nf3 Rxb5 42.Kf1 Rd7
43.Ke2 Rdb7 44.Kd1 Rd7  1/2-1/2

[Event "Bundesliga 9293"]
[Site "Germany"]
[Date "1993.??.??"]
[Round "?"]
[White "Vaganian, Rafael A"]
[Black "Backwinkel, Paul"]
[Result "1-0"]
[WhiteElo "2615"]
[BlackElo "2405"]

1.c4 c6 2.Nf3 d5 3.e3 Nf6 4.Nc3 a6 5.b3 Bg4 6.Bb2 Nbd7 7.h3 Bxf3 8.Qxf3 e6
9.g4 h6 10.cxd5 cxd5 11.Bg2 Ne5 12.Qe2 Ng6 13.O-O h5 14.g5 Nd7 15.f4 Nh4
16.Qf2 Nxg2 17.Qxg2 Nc5 18.Ne2 Qd7 19.Bd4 Ne4 20.Ng3 Nd6 21.h4 Rg8 22.Rac1 g6
23.Be5 Rc8 24.Rxc8+ Qxc8 25.d3 Nb5 26.e4 Ba3 27.Kh2 Qc6 28.Rf2 Kd8 29.Rc2 Qd7
30.Qf2 Ke7 31.Bf6+ Ke8 32.exd5 exd5 33.Qe1+ Kf8 34.b4  1-0

[Event "Bundesliga 9293"]
[Site "Germany"]
[Date "1993.??.??"]
[Round "?"]
[White "Vokac, Marek"]
[Black "Hermann, Manfred"]
[Result "1/2-1/2"]
[WhiteElo "2435"]
[BlackElo "2400"]

1.c4 c6 2.Nf3 d5 3.Qc2 Nf6 4.g3 Bg4 5.Bg2 e6 6.O-O Nbd7 7.d4 Be7 8.Bf4 O-O
9.Nbd2 h6 10.e4 dxe4 11.Nxe4 Bf5 12.Nxf6+ Bxf6 13.Qe2 a5 14.Rad1 Qb6 15.h3 Rfe8
16.g4 Bh7 17.h4 a4 18.g5 hxg5 19.hxg5 Be7 20.Nh4 Nf8 21.Be3 Ng6 22.Be4 Qa5
23.Nxg6 Bxg6 24.Bd2 Bb4 25.Bxb4 Qxb4 26.Bxg6 fxg6 27.f4 Rad8 28.Rf3 Kf7 29.a3 Qd6
30.Qe4 Rh8 31.Kg2 Rh4 32.Qe5 Qxe5 33.fxe5+ Kg8 34.d5 cxd5 35.cxd5 Rxd5 36.Rxd5 exd5
37.e6 Re4 38.Rf7 b6 39.Re7 Kf8 40.Rf7+ Kg8 41.Re7 Kf8 42.Rf7+ Kg8  1/2-1/2

[Event "Baden-NRW"]
[Site "Germany"]
[Date "1993.??.??"]
[Round "?"]
[White "Balster, Stefan"]
[Black "Metz, Hartmut"]
[Result "1/2-1/2"]
[WhiteElo "2305"]
[BlackElo "2270"]

1.c4 c6 2.g3 d5 3.Bg2 Nf6 4.Nf3 Bf5 5.b3 e6 6.Bb2 Be7 7.d3 O-O 8.O-O Nbd7
9.Nbd2 h6 10.a3 a5 11.Bc3 c5 12.Rb1 Bh7 13.b4 d4 14.Ba1 axb4 15.axb4 b6 16.Nxd4 Rxa1
17.Rxa1 cxd4 18.Qb3 Qc7 19.Rfb1 Bf5 20.Rb2 Rb8 21.Ra6 e5 22.Qa2 Be6 23.Ra7 Qd8
24.Qa6 Ne8 25.Qa4 Nd6 26.Bc6 Nf8 27.Ne4 Nc8 28.Ra8 Qc7 29.Rxb8 Qxb8 30.Qa8 Qxa8
31.Bxa8 f5 32.Nd2 Nd7 33.Bc6 Nb8 34.Bg2 Kf7 35.e3 dxe3 36.fxe3 Na6 37.b5 Nc5
38.Bf1 Bf6 39.Ra2 Ke7 40.Kf2 Kd6 41.Ke2 Kc7 42.Bg2 e4 43.d4 Nb3 44.Rc2 Na5
45.Bf1 Nd6 46.Kf2 Bd7 47.Rc1 Kb7 48.Rb1 Be6 49.Rc1 Bd7 50.Rb1 Be6 51.Rc1  1/2-1/2

[Event "BL2-S9293"]
[Site "Germany"]
[Date "1993.??.??"]
[Round "?"]
[White "Sandmeier, Toni"]
[Black "Witke, Thomas"]
[Result "1-0"]
[WhiteElo "2240"]
[BlackElo "2265"]

1.c4 c6 2.Nf3 d5 3.b3 Nf6 4.Bb2 Bg4 5.Ne5 Bh5 6.g3 e6 7.Bg2 Bd6 8.O-O O-O
9.d4 Qe7 10.Nc3 Ba3 11.Qc1 Bxb2 12.Qxb2 Nbd7 13.Nxd7 Qxd7 14.Rfd1 b5 15.Rac1 Rab8
16.Qd2 Qe7 17.c5 e5 18.b4 Rfe8 19.a4 bxa4 20.Nxa4 exd4 21.Qxd4 Qxe2 22.Nc3 Qg4
23.h3 Qd7 24.Re1 Rxe1+ 25.Rxe1 a6 26.Bf1 Qb7 27.Rb1 Bg6 28.Rb2 Nd7 29.Be2 Re8
30.Ra2 Ne5 31.Kg2 Nd7 32.Bxa6 Qc7 33.Re2 Ra8 34.Bd3 Bxd3 35.Qxd3 Qb7 36.Qd4 f6
37.Re7 Qc8 38.Qg4 Qf8 39.Qe6+ Kh8 40.Qxd7 Rd8 41.Qe6 d4 42.Ne4 d3 43.Rd7 f5
44.Qxf5  1-0

[Event "BL2-S9293"]
[Site "Germany"]
[Date "1993.??.??"]
[Round "?"]
[White "Gavrikov, Viktor"]
[Black "Klebel, Martin"]
[Result "1-0"]
[WhiteElo "2575"]
[BlackElo "2410"]

1.c4 c6 2.e4 d5 3.exd5 cxd5 4.d4 Nf6 5.Nc3 e6 6.Nf3 Be7 7.cxd5 Nxd5 8.Bd3 Nc6
9.O-O O-O 10.Re1 Qd6 11.Bb1 b6 12.Ne4 Qc7 13.Neg5 g6 14.h4 Nf6 15.Ne4 Bb7
16.Bg5 Nxe4 17.Bxe4 Bxg5 18.hxg5 Rac8 19.Rc1 Qf4 20.Rc3 Na5 21.Rce3 Bd5 22.b3 Nc6
23.Bxd5 exd5 24.Qd2 a5 25.g3 Qd6 26.Rc3 Ne7 27.Rd3 Rc7 28.Ne5 Nf5 29.Ng4 Re7
30.Nf6+ Kg7 31.g4 Rxe1+ 32.Qxe1 Qf4 33.Qe5 Qxe5 34.dxe5 Ne7 35.Nxd5 Rd8 36.Nf4 Rc8
37.Rd6 Rc1+ 38.Kg2 Nc6 39.e6 fxe6 40.Nxe6+ Kg8 41.f4 b5 42.Rd7 Re1 43.f5 Ne5
44.Rg7+ Kh8 45.Re7 Kg8 46.f6 Re4 47.f7+  1-0

[Event "BL2-S9293"]
[Site "Germany"]
[Date "1993.??.??"]
[Round "?"]
[White "Becker, Marc"]
[Black "Beikert, Guenther"]
[Result "0-1"]
[WhiteElo "2380"]
[BlackElo "2405"]

1.c4 c6 2.Nf3 d5 3.b3 Bf5 4.Bb2 e6 5.g3 h6 6.Bg2 Nf6 7.O-O Be7 8.d3 O-O 9.Nbd2 a5
10.a3 Qb6 11.Rc1 Rd8 12.Qc2 Na6 13.cxd5 cxd5 14.Bd4 Qb5 15.Nb1 Qe8 16.Qb2 Rdc8
17.Nc3 Nc5 18.a4 Nfd7 19.Nb5 f6 20.Rc3 e5 21.Bxc5 Bxc5 22.Rfc1 Bb4 23.Rc7 Rab8
24.Qc2 Nb6 25.Na7 Rxc7 26.Qxc7 Qd8 27.Qxd8+ Rxd8 28.Nb5 Rc8 29.Rxc8+ Bxc8
30.Nc7 Kf7 31.Kf1 Ke7 32.d4 e4 33.Ne1 Bxe1 34.Kxe1 Bd7 35.Kd2 Kd6 36.Nb5+ Bxb5
37.axb5 Nc8 38.Bh3 Na7 39.b6 Nc6 40.Ke3 Ne7 41.f3 exf3 42.Kxf3 Kc6 43.Kf4 Kxb6
44.Bd7 Kc7 45.Bb5 Nc8 46.Bd3 Nd6 47.Kg4 b5 48.Kh5 a4 49.bxa4 bxa4 50.Bc2 a3
51.Bb3 Kc6 52.Kg6 Nb5 53.e3 Nc3 54.Kxg7 Kb5  0-1

[Event "Groningen op"]
[Site "Groningen"]
[Date "1993.??.??"]
[Round "2"]
[White "Schwartzman, Gabriel"]
[Black "Relange, Eloi"]
[Result "0-1"]
[WhiteElo "2480"]
[BlackElo "2365"]

1.c4 c6 2.d4 d5 3.cxd5 cxd5 4.Nc3 Nf6 5.Bf4 Nc6 6.e3 Bg4 7.f3 Bf5 8.e4 Bg6
9.e5 Nd7 10.Nxd5 Ndb8 11.Qb3 e6 12.Qxb7 Qxd5 13.Qxa8 Qxd4 14.Bd2 Bc5 15.Be2 Qf2+
16.Kd1 O-O 17.Qb7 Rd8 18.Qc7 Rxd2+  0-1

[Event "Groningen PCA"]
[Site "Groningen"]
[Date "1993.??.??"]
[Round "8"]
[White "Vaganian, Rafael A"]
[Black "Serper, Grigory"]
[Result "1-0"]
[WhiteElo "2615"]
[BlackElo "2575"]

1.c4 c6 2.e4 d5 3.exd5 cxd5 4.cxd5 Nf6 5.Nc3 Nxd5 6.Nf3 Nc6 7.Bb5 e6 8.O-O Be7
9.d4 O-O 10.Re1 Bd7 11.Bd3 Rc8 12.Nxd5 exd5 13.Ne5 Nxe5 14.Rxe5 Be6 15.Qh5 g6
16.Qh6 Bg4 17.h3 f6 18.Bxg6 hxg6 19.Qxg6+ Kh8 20.Re3  1-0

[Event "Groningen PCA"]
[Site "Groningen"]
[Date "1993.??.??"]
[Round "11"]
[White "Ljubojevic, Ljubomir"]
[Black "Khalifman, Alexander"]
[Result "1-0"]
[WhiteElo "2595"]
[BlackElo "2645"]

1.c4 c6 2.e4 d5 3.exd5 cxd5 4.d4 Nf6 5.Nc3 e6 6.Nf3 Be7 7.cxd5 Nxd5 8.Bd3 Nc6
9.O-O O-O 10.Re1 Bf6 11.Be4 Nce7 12.Ne5 Nc6 13.Qd3 h6 14.a3 Nde7 15.Nxc6 Nxc6
16.d5 exd5 17.Nxd5 Be6 18.Nxf6+ Qxf6 19.Be3 a6 20.Rac1 Rfd8 21.Qc3 Qxc3 22.Rxc3 Bd5
23.Bc2 Rac8 24.Bb6 Re8 25.Rxe8+ Rxe8 26.Kf1 Ne5 27.b3 Be6 28.f3 Rc8 29.Rxc8+ Bxc8
30.h4 f5 31.Ke2 Kf7 32.Ke3 g5 33.hxg5 hxg5 34.Bd8 Kg6 35.f4 Ng4+ 36.Kf3 gxf4
37.Kxf4 Bd7 38.Bb6 Kf6 39.Bd4+ Kg6 40.a4 Be6 41.b4 Bd7 42.a5 Nh6 43.Bb2 Ng4
44.Bc3 Nf2 45.Bd4 Ng4 46.Bd1 Kh6 47.Bf3 Bc8 48.Bd5 Kg6 49.Bc3 Nh6 50.Ke5 Nf7+
51.Kd4 Nd6 52.Be1 Ne4 53.Ke5 Kg5 54.Be6 Bxe6 55.Kxe6 Kf4 56.Kd7 Ke3 57.Kc7 Ke2
58.Bh4 Kd3 59.Kxb7 Kc4 60.Kxa6 Kxb4 61.Kb6  1-0

[Event "Wichern op"]
[Site "Hamburg"]
[Date "1993.??.??"]
[Round "3"]
[White "Sher, Miron N"]
[Black "Voigt, Martin"]
[Result "1-0"]
[WhiteElo "2535"]
[BlackElo "2305"]

1.c4 c6 2.e4 d5 3.exd5 cxd5 4.d4 Nf6 5.Nc3 g6 6.cxd5 Bg7 7.Bb5+ Nbd7 8.d6 exd6
9.Qe2+ Qe7 10.Bf4 Qxe2+ 11.Bxe2 Ke7 12.Bf3 Nf8 13.Nge2 Ne6 14.Be3 Bd7 15.O-O Rac8
16.Rfe1 Rhe8 17.Rac1 a5 18.d5 Nc5 19.Bf4 Ng4 20.Bxg4 Bxg4 21.f3 Bf5 22.g4 Bd7
23.Nd4+ Be5 24.Bxe5 dxe5 25.Rxe5+ Kf6 26.Rxe8 Rxe8 27.Kf2 b5 28.Nb3 Nxb3
29.axb3 Kg5 30.Ne4+ Kf4 31.Nf6 Rd8 32.Re1 Kg5 33.Nxh7+ Kh6 34.Nf6 Kg5 35.Ne4+ Kf4
36.Nc5 f5 37.h3 Bc8 38.Ne6+ Bxe6 39.dxe6 fxg4 40.Re4+  1-0

[Event "Heraklio op"]
[Site "Heraklio"]
[Date "1993.??.??"]
[Round "1"]
[White "Ibragimov, Ildar"]
[Black "Demir, Gokhan"]
[Result "1-0"]
[WhiteElo "2550"]
[BlackElo "2165"]

1.c4 c6 2.e4 d5 3.exd5 cxd5 4.d4 Nf6 5.Nc3 Nc6 6.Bg5 e6 7.cxd5 exd5 8.Nf3 Bb4
9.Be2 h6 10.Bxf6 Qxf6 11.O-O Bxc3 12.bxc3 O-O 13.Re1 Rd8 14.Nd2 Na5 15.Nb3 Qb6
16.Bd3 Qc7 17.Qf3 Nc4 18.Qxd5 Nb2 19.Qf3 Nxd3 20.Qxd3 Be6 21.Nd2 Rac8 22.Re3 Rd6
23.Rae1 g6 24.a3 Kg7 25.h3 a6 26.Ne4 Bf5 27.d5 Bxe4 28.Qd4+ Rf6 29.Qxe4 Rf4
30.Qd3 Qd6 31.Re4 Rxe4 32.Rxe4 Qxa3 33.Qd4+ Kh7 34.Qf6 Qxc3 35.Qxf7+ Qg7
36.Qe6 Rf8 37.d6 Rf7 38.Qd5 Rd7 39.Qe6 Rf7 40.Qd5 Qf6 41.d7 Rf8 42.Qxb7 Qxf2+
43.Kh2 Rf7 44.Qd5  1-0

[Event "Heraklio op"]
[Site "Heraklio"]
[Date "1993.??.??"]
[Round "9"]
[White "Blees, Albert"]
[Black "Khenkin, Igor"]
[Result "0-1"]
[WhiteElo "2415"]
[BlackElo "2570"]

1.c4 c6 2.e4 d5 3.exd5 Nf6 4.Nc3 cxd5 5.cxd5 Nxd5 6.Nf3 Nxc3 7.bxc3 g6 8.h4 Bg7
9.h5 Nc6 10.Bc4 O-O 11.Rb1 e5 12.hxg6 hxg6 13.Ba3 Re8 14.Rb5 Be6 15.Bxe6 Rxe6
16.Qa4 a6 17.Rc5 Qd3 18.Qb3 Rd8 19.Bc1 Bf8 20.Qa4 Bxc5 21.Qh4 Kf8 22.Ng5 Red6
23.Nh7+ Ke8 24.Nf6+ Rxf6 25.Qxf6 Qf5 26.Qh4 Kd7 27.Rh3 Kc7 28.Rf3 Qe6 29.Kf1 e4
30.Rf6 Qe7 31.d4 exd3 32.Be3 d2 33.Qf4+ Kb6 34.Bxd2 Rd6 35.Rxf7 Qd8 36.Be3 Rd1+
37.Ke2 Qd3+ 38.Kf3 Bxe3 39.Qc7+ Kc5 40.fxe3 Rf1+ 41.Kg3 Qxe3+ 42.Kh4 Qh6+
43.Kg3 Qg5+ 44.Kh2 Qh4+  0-1